|
|
|
|
| LEADER |
00608nam a2200193 4500 |
| 020 |
|
|
|
| 082 |
|
|
|a THE-MPhil93 58
|
| 100 |
|
|
|a Madhosoodanan Nair
|
| 245 |
|
|
|a Development of the phase coherent HF doppler radar receiver and the collection and analysis of HF doppler data
|
| 250 |
|
|
|
| 260 |
|
|
|a Department of Physics, University of Kerala
|c 1993
|
| 300 |
|
|
|
| 490 |
|
|
|
| 500 |
|
|
|
| 590 |
|
|
|
| 650 |
|
|
|a Dr.S.R.Prabhakaran Nayar
|
| 942 |
|
|
|c THESIS
|
| 999 |
|
|
|c 86648
|d 86648
|
| 952 |
|
|
|0 0
|1 0
|4 0
|6 THE_MPHIL93_58_000000000000000
|7 0
|9 100116
|a PHY
|b PHY
|l 0
|o THE-MPhil93 58
|p PHYxx022
|r 2019-09-24
|w 2019-09-24
|y THESIS
|